| 000 | 02057nam a2200241 4500 | ||
|---|---|---|---|
| 001 | 0000010896 | ||
| 005 | 20250329165413.0 | ||
| 008 | 180709s2018 000 0 eng d | ||
| 040 |
_aCO-CtgCURN _bspa _ccoctgcurn |
||
| 082 | 0 |
_aAPH 2018 _bB453d |
|
| 100 | 1 | _aGuerrero Castro, Pedro Antonio. | |
| 245 | 1 | 0 |
_aGuia de seguridad en transporte maritimo para pilotos de las embarcaciones menores de la cooperativa coopicor del corregimiento de Bocachica - Cartagena para el segundo periodo del ao 2018 II fase / _cPedro Antonio Guerrero Castro; Asesor: Ricardo Zabaleta Torres. |
| 260 |
_aCartagena de Indias : _bCorporación Universitaria Rafael Nuñez, _c2018. |
||
| 300 | _a68 p. | ||
| 504 | _aTrabajo de grado (Atencion Prehospitalaria). Corporación Universitaria Rafael Nuñez. Facultad de Ciencias de la salud. Atencion Prehospitalaria, 2018. | ||
| 520 | _aEste trabajo de investigación busca diseñar una guía de seguridad en transporte marítimo para pilotos de las embarcaciones menores de la Cooperativa Coopicor del corregimiento de Bocachica - Cartagena para el segundo periodo del ao 2018, para que dichos pilotos orientar a pilotos de lanchas, a través de los factores más importantes que integran la responsabilidad de implementar herramientas de seguridad que les permita contar con conocimientos definidos para socorrer y auxiliar a aquellas personas que puedan encontrarse en emergencias acuáticas , graves y que lo requieran, donde los pilotos están impregnados de capacidad para accionar ante cualquier emergencia e incidente. | ||
| 650 | 0 |
_aAtención prehospitalaria _vTesis y disertaciones academicas. |
|
| 700 | 1 |
_aZabaleta Torres, Ricardo, _cInvestigador. |
|
| 700 | 1 |
_aCáceres Matta, Sandra Viviana, _cAsesora. |
|
| 856 |
_uhttps://unicurn.sharepoint.com/:b:/s/biblioteca/EbetCJcyS6ZCghq3AOdjsZMBHJm7kTFVnnOdokFt4uuU7g?e=l6jYwf _zClick aqui para ver el recurso en texto completo |
||
| 942 |
_2ddc _cTG _hAPH 2018 _iG934 |
||
| 999 |
_c2866 _d2866 |
||